| 000 | 00784nam a2200253 i 4500 | ||
|---|---|---|---|
| 999 |
_c126348 _d126348 |
||
| 001 | 2266039 | ||
| 003 | ARRUPE | ||
| 005 | 20170323090115.0 | ||
| 008 | 791114s1979 aru 000 0 eng | ||
| 010 | _a 78062091 | ||
| 020 |
_a093280800X : _c$12.95 |
||
| 040 |
_aDLC _cDLC _dDLC |
||
| 043 | _an-us--- | ||
| 050 | 0 | 0 |
_aHN18 _b.P443 |
| 082 | 0 | 0 | _a309.1/73/092 |
| 100 | 1 |
_aPetersen, Rodney. _929568 |
|
| 245 | 1 | 4 |
_aThe philosophy of a peasant / _cby Rodney Petersen. |
| 260 |
_aHeber Springs, Ark. : _bInterAction Books, _cc1979. |
||
| 300 |
_a554 p. ; _c24 cm. |
||
| 650 | 0 |
_aSocial history _y20th century. _929569 |
|
| 650 | 0 |
_aSocial problems. _96331 |
|
| 651 | 0 |
_aUnited States _xSocial conditions _y1945- _9724 |
|
| 906 |
_a7 _bcbc _corignew _d2 _eopcn _f19 _gy-gencatlg |
||
| 942 |
_2lcc _cMONOGRAPH |
||